000 00848nam a22002057a 4500
999 _c17963
_d17963
003 BDDh-ASL
005 20231015025649.0
008 200915b1985 ||||| |||| 00| 0 d
040 _aBDDh-ASL
_cBDDh-ASL
_dBDDh-ASL
041 _abengali
082 _a297.09
_bKAM
100 _9779
_aকবীর, মফিজুল্লাহ্
245 1 _aমুসলিম সভ্যতা/
_cমফিজুল্লাহ্ কবীর।
246 _aBhasha-Shaheed Granthamala: Muslim Savyata
260 _aঢাকা:
_bবাংলা একাডেমী,
_c১৯৮৫।
300 _a১০৮ পৃষ্ঠা:
_c১৯ সে. মি.।
504 _aগ্রন্থপঞ্জি সংযুক্ত।
650 0 _9780
_aমুসলিম সভ্যতা
_xইসলাম ধর্ম
942 _2ddc
_cBK